LEADER 01299nam a2200301 u 4500 001 000000058267 003 CaOOAMICUS 005 20070226120655.0 008 010530s1931 nju u000 u eng u 020 $a0691071543 035 $a10890917 040 $aIAR$bita$dPUL(R) 100 1 $aHack, Roy Kenneth.$0(OLS)http://pul/name/40510 245 10$aGod in Greek Philosophy to the Time of Socrates /$cRoy Kenneth Hack. 260 $aPrinceton :$bPrinceton University Press,$cc1931. 300 $aix, 157 S. ;$c23 cm 500 $aPrinted for the University of Cincinnati. 500 $aVarie ristampe: selezione il "n. dell'item" per vedere la data di pubblicazione di ciascum volume. 504 $a"Select bibliography" S. 155-157. 650 4$aFilosofia antica.$0(OLS)http://pul/subject/205 650 4$aReligione greca$xStoria.$0(OLS)http://pul/subject/22994 850 $aPUL 852 $aPUL$W1$xDP2 Filosofia 1$y62$m81 C 47$j76129$nBK-PRI$b $qStampati$B76129$CPULBib$Z2$F76129 $81 941 1 $a8 961 $aINV: 2. rist. 1969.42398 996 $6020$a0691071543$9(OLS)http://pul/number/73809 996 $6245$aGod in Greek Philosophy to the Time of Socrates$9(OLS)http://pul/title/78038 996 $6260$aPrinceton :$bPrinceton University Press$9(OLS)http://pul/publisher/55740 LEADER 01380nam a2200313 u 4500 001 000000118299 003 CaOOAMICUS 005 20091125103114.0 008 091125s2007 it u000 u ita r 020 $a978-88-17-01934-7 040 $aPUL$bita$dReb 041 1 $aita$heng 100 1 $aHobsbawm, Eric John,$d1917-2012.$0(OLS)http://pul/name/13656 240 10$aAge of extremes. The short twentieth century 1914-1991$lItaliano.$0(OLS)http://pul/title/148875 245 13$aIl secolo breve :$b1914-1991 /$cEric J. Hobsbawm ; traduzione di Brunello Lotti. 260 $aMilano :$bR.C.S. Libri ;$aMilano :$bBUR,$cİ2007. 300 $a709 p. ;$c22 cm 490 1 $aBUR. Exploit 504 $aBibliografia p. 683-703. 650 4$aStoria$ySec. XX.$0(OLS)http://pul/subject/19170 700 1 $aLotti, Brunello.$0(OLS)http://pul/name/61841 830 0$aBUR. Exploit.$0(OLS)http://pul/title/148880 850 $aPUL 852 $aPUL$W1$xSL Cons. Gen., Altre Classi 3$y75$m909. 82 HOBER 1$j135722$qDDC 21$B134714$CPULBib$Z2$F134714 $H111597 $82 941 1 $a9 996 $6020$a978-88-17-01934-7$9(OLS)http://pul/number/142512 996 $6245$aIl secolo breve :$b1914-1991$9(OLS)http://pul/title/148877 996 $6260$aMilano :$bR.C.S. Libri$9(OLS)http://pul/publisher/74600 996 $6260$aMilano :$bBUR$9(OLS)http://pul/publisher/70068